000 00376nam a22001697a 4500
003 NUST
020 _a978-93-313-2062-9
038 _akhadija
082 _a631.37
_bSHA
100 _aShagufta
_984952
245 _aFarm Machinery and Power
260 _aNew Delhi :
_bAPH,
_c2013.
300 _a269 p. ;
_b22 cm.
500 _aHardcover.
563 _aHB
942 _cBK
_2ddc
999 _c34041
_d34041